| 000 | 01762cam a22001814a 4500 | ||
|---|---|---|---|
| 005 | 20250605164356.0 | ||
| 008 | 250528s ||||||||||||||||||||||||d | ||
| 035 | _a24331 | ||
| 040 |
_aGR-AtMCL _bgre _dGR-AtMCL _eAACR2 |
||
| 245 | 1 | _aΣυμμετοχή της Θ.Ε.Α στην Πρωτοβουλία 'Η Αθήνα Επιχειρεί' / Ο Νέος Προϋπολογισμός δεν Αφήνει Περιθώρια Αισιοδοξίας | |
| 260 |
_bΕμπορικό Και Βιομηχανικό Επιμελητήριο Αθηνών, _c2015 |
||
| 300 | _a64 | ||
| 520 | _aΔράσεις Κοινωνικής Προσφοράς και Αλληλεγύης από το Ε.Β.Ε.Α., Η Μόρφωση και η Επαγγελματική Κατάρτιση είναι η Βάση της Ευημερίας μας, Το Κρίσιμο Στοίχημα είναι η Αύξηση του Εθνικού Πλούτου, Δραστηριότητες Θ.Ε.Α., Η Ιθαγένεια της Ε.Ε. και το Δικαίωμα της Ελεύθερης Κυκλοφορίας και Διαμονής στην Ευρώπη, Ο Προϋπολογισμός δεν είναι Τζόκερ, Η Επόμενη Μέρα της Ανακεφαλοποίησης, Πλήγμα για τις Επιχειρήσεις η Προκαταβολή Φόρου στο 100%, Απελευθερώνεται η Αγορά Φυσικού Αερίου, Παράπλυρες Συνέπειες, Θετικά Βλέπουν οι Φοιτητές την Επιχειρηματικότητα, Αλλαγές στο Ενεργειακό Πιστοποιητικό. | ||
| 700 | 1 |
_aΜίχαλος Κωνσταντίνος _94319 |
|
| 942 | _cCR | ||
| 999 |
_c9220 _d9220 |
||